Movies Quiz

Random Movies or Clickable Quiz

Shirtless Matthew McConaughey Quiz Stats

Quiz Updated May 24, 2014

Also try: Movies by Beards
Challenge
Share
Tweet
Embed
Score 0/17 Timer 03:00
0 Plays Today
% Correct
How to Lose a Guy in 10 Days
96.1%
Magic Mike
94.7%
Failure to Launch
90.8%
Ghosts of Girlfriends Past
89.7%
Fool's Gold
89.1%
Sahara
86.4%
Surfer Dude
82.6%
A Time to Kill
70.6%
EdTV
69.2%
% Correct
Reign of Fire
63.4%
Mud
61.6%
Two for the Money
61.3%
Newton Boys
55.1%
Angels in the Outfield
52.7%
Contact
50.8%
Frailty
41.1%
Tiptoes
28.1%

You're not logged in!

Compare scores with friends on all Sporcle quizzes.
Sign Up with Email
OR
Log In

You Might Also Like...

Show Comments

Extras

Top Quizzes Today


Score Distribution

Your Account Isn't Verified!

In order to create a playlist on Sporcle, you need to verify the email address you used during registration. Go to your Sporcle Settings to finish the process.